000
00300nam a2200133Ia 4500
999
_c
3272
_d
3272
003
OSt
008
201121b ||||| |||| 00| 0 eng d
100
_a
VANVALKENBURG, ME.
245
_a
Network Analysis
250
_a
3RD.
260
_a
New Delhi
_b
PHI
_c
1994
300
_a
483.
942
_2
ddc
_c
BK
_0
5